000 00889nas a2200301 4500
001 BR0903529
003 BR-BrBNA
005 20231205113443.0
007 ta
008 230509b bl.|||p| |||| 00| 00por d
040 _aBR-BrBNA
_bpor
_cBiblioteca Nacional de Agricultura
041 _a(En)
072 _aK10
100 1 _aSouza, P.A. de
100 1 _aVenturin, N.
100 1 _aMacedo, R.L.G. de
100 1 _aVenturin, R.P.
100 1 _aTucci, C.A.F.
100 1 _aCarlos, L.
245 1 _aNutritional assessment of cedar seedlings (Cedrela fissilis, Vell.)grown in a greenhouse
650 _aCEDRO
650 _aMUDA
650 _aESTUFA
773 0 _tCerne (Brazil)
_xISSN 0104-7760
_g(Apr-Jun 2009), v. 15(2) p. 236-243
_wBR0903529
856 4 0 _uhttp://www.aprh.pt/rgci/pdf/rgci-155_Borges.pdf
909 _a202311
_bLúcia
_c55
_dLúcia Elande
942 _2AGRIS
_n0
_cANA
999 _c203849
_d203849